Central Library OPAC University of Rajshahi

The time of Yeats : (Record no. 54049)

MARC details
000 -LEADER
fixed length control field 00724nam a2200229 a 4500
001 - CONTROL NUMBER
control field 54049
003 - CONTROL NUMBER IDENTIFIER
rucl marc code BD-RjUL
005 - DATE AND TIME OF LATEST TRANSACTION
control field 20211209080051.0
008 - FIXED-LENGTH DATA ELEMENTS--GENERAL INFORMATION
fixed length control field 161101m19691937enk 001 0 eng
035 ## - SYSTEM CONTROL NUMBER
System control number (BD-RjUL)54171
040 ## - CATALOGING SOURCE
Original cataloging agency DLC
Transcribing agency DLC
Modifying agency DLC
-- BD-RjUL
Language of cataloging eng
041 ## - LANGUAGE CODE
Language code of text/sound track or separate title eng
082 00 - DEWEY DECIMAL CLASSIFICATION NUMBER
Classification number 821.09
Edition number 23
Author mark and year WET 1969
100 1# - MAIN ENTRY--PERSONAL NAME
Personal name Weygandt, Cornelius,
Dates associated with a name 1871-1957.
9 (RLIN) 161375
245 14 - TITLE STATEMENT
Title The time of Yeats :
Remainder of title English poetry of to-day against an American background /
Statement of responsibility, etc. Cornelius Weygandt
260 ## - PUBLICATION, DISTRIBUTION, ETC. (IMPRINT)
Place of publication, distribution, etc. New York :
Name of publisher, distributor, etc. Russell & Russell
Date of publication, distribution, etc. c1937-1969
300 ## - PHYSICAL DESCRIPTION
Pagination xiii, 460 p.
Size 23 cm.
500 ## - GENERAL NOTE
General note Include index
650 #0 - SUBJECT ADDED ENTRY--TOPICAL TERM
Topical term or geographic name as entry element English poetry
General subdivision History and criticism.
9 (RLIN) 161376
942 ## - ADDED ENTRY ELEMENTS (KOHA)
Source of classification or shelving scheme Dewey Decimal Classification
Koha item type Books
Holdings
Lost status Source of classification or shelving scheme Damaged status Not for loan Collection code Permanent Location Current Location Shelving location Date acquired Source of acquisition Total Checkouts Full call number Date last seen Copy number Koha item type
  Dewey Decimal Classification     Non-fiction Central Library, University of Rajshahi Central Library, University of Rajshahi   17/11/1985 Asia foundation   821.09 WET 1969 01/11/2016 C-2 Books